[Event "National I"]
[Site "Bordeaux FRA"]
[Date "2003.04.07"]
[Round "7"]
[White "Giffard,N"]
[Black "Payen,A"]
[Result "0-1"]
[WhiteElo "2317"]
[BlackElo "2363"]

1.Nf3 d5 2.c4 c6 3.e3 Nf6 4.b3 g6 5.Bb2 Bg7 6.h3 O-O 7.Be2 Bf5 8.d3 h5 9.Nh2 g5
10.g4 hxg4 11.hxg4 Bg6 12.Nd2 Qd6 13.Nhf3 Nh7 14.Bxg7 Kxg7 15.Nd4 e6 16.Qc1 Nd7
17.Qb2 f6 18.O-O-O a6 19.cxd5 cxd5 20.f4 e5 21.f5 Bf7 22.Nc2 a5 23.Qa3 Qc6
24.Kb1 b5 25.Rc1 b4 26.Qb2 Qd6 27.Ne1 Nb6 28.Bd1 Rh8 29.Ndf3 Rag8 30.Qc2 Nf8
31.Rxh8 Rxh8 32.Qc5 Qxc5 33.Rxc5 e4 34.dxe4 dxe4 35.Nd4 Rh1 36.Ndc2 Nd5 37.Rxa5 Nd7
38.Kc1 Ne5 39.Kd2 Rh2+ 40.Kc1 Nd3+ 41.Nxd3 exd3 42.e4 dxc2 43.exd5 cxd1=Q+
44.Kxd1 Rg2 45.d6 Rxg4 46.Ra6 Rd4+ 47.Ke2 Rd5 48.Rb6 Rxf5 49.Rxb4 Rd5 50.Rb6 f5
51.a4 Kf6 52.b4 Ke6 53.d7+ Kxd7 54.Rb7+ Ke6 55.a5 Bh5+ 56.Ke1 Rd1+ 57.Kf2 Ra1
58.Rb6+ Ke5 59.a6 Ra2+ 60.Ke1 Be2 61.b5 Kf4 62.a7 Bxb5  0-1

[Event "FSGM April"]
[Site "Budapest HUN"]
[Date "2003.04.08"]
[Round "4"]
[White "Kraai,J"]
[Black "Jakab,A"]
[Result "0-1"]
[WhiteElo "2454"]
[BlackElo "2388"]

1.Nf3 d5 2.c4 c6 3.e3 Nf6 4.Nc3 Bg4 5.cxd5 Nxd5 6.Qb3 Nb6 7.Be2 e6 8.h3 Bh5
9.O-O N8d7 10.d4 Be7 11.a4 a5 12.e4 O-O 13.Be3 Bxf3 14.Bxf3 Bg5 15.Bxg5 Qxg5
16.d5 Qe7 17.dxc6 bxc6 18.Be2 Rab8 19.Qc2 Nc5 20.Nd1 Rfd8 21.Ne3 Rd4 22.Rfd1 Rb4
23.Bc4 Rxa4 24.Rxa4 Nbxa4 25.b3 Nb6 26.Qc3 a4 27.b4 Ncd7 28.Ba2 c5 29.b5 h6
30.Ng4 Rc8 31.Qg3 h5 32.Ne3 c4 33.Qd6 Qxd6 34.Rxd6 c3 35.Rc6 Rxc6 36.bxc6 Nb8
37.c7 Na6 38.Kf1 Nb4 39.Bb1 a3 40.Ke2 a2 41.Bxa2 Nxa2 42.Nc4 Nc8 43.Kd3 Nb4+
44.Kxc3 Na6  0-1

[Event "ch-POLJ u20"]
[Site "Jarnoltowek POL"]
[Date "2003.04.10"]
[Round "5"]
[White "Pakleza,Z"]
[Black "Zawadzki,S"]
[Result "1/2-1/2"]
[WhiteElo "2369"]
[BlackElo "2403"]

1.Nf3 d5 2.c4 c6 3.e3 Nf6 4.Nc3 e6 5.b3 Nbd7 6.Qc2 Bd6 7.Be2 O-O 8.O-O a6
9.Bb2 b5 10.Rac1 Bb7 11.d3 Qe7 12.a4 b4 13.Nb1 e5 14.Nbd2 Rac8 15.Qb1 Bb8
16.Rfd1 Rfe8 17.Nf1 e4 18.dxe4 dxe4 19.N3d2 c5 20.f4 exf3 21.Bxf3 Bxf3 22.gxf3 Rc6
23.Qf5 Re6 24.Re1 Be5 25.Bxe5 Rxe5 26.Qh3 Nf8 27.f4 Re6 28.Re2 Ng6 29.Rg2 Rd6
30.Qg3 Qd7 31.f5 Rxd2 32.Nxd2 Qxf5 33.Rf1 Qe6 34.Re1 h5 35.Nf3 Qd7 36.Rd2 Qb7
37.Ng5 h4 38.Qg2 Qc7 39.Kh1 Nf4 40.Qf3 N4h5 41.Rg2 g6 42.Rf1 Qe5 43.e4 Kg7
44.Qe3 Re7 45.Qf3 Re8 46.Qe3 Re7 47.Qf3 Rd7 48.Qe3 Rd8 49.Nf3 Qxe4 50.Qxe4 Nxe4
51.Nxh4 Rd3 52.Rf3 Rd1+ 53.Rf1 Rd2 54.Re1 f5 55.Reg1 Nf2+ 56.Rxf2 Rxf2 57.Rxg6+ Kf7
58.Rxa6 Nf4 59.h3 Nxh3 60.a5 f4 61.Ra7+ Kf6 62.a6 Kg5 63.Ng2 f3 64.Ne3 Ra2
65.Rf7 Rxa6 66.Rxf3 Re6 67.Rf5+ Kg6 68.Rf3 Ng5 69.Rg3 Kh5 70.Nd5  1/2-1/2

[Event "FSGM April"]
[Site "Budapest HUN"]
[Date "2003.04.13"]
[Round "9"]
[White "Kraai,J"]
[Black "Ovsejevitsch,S"]
[Result "1/2-1/2"]
[WhiteElo "2454"]
[BlackElo "2493"]

1.Nf3 d5 2.c4 d4 3.g3 Nc6 4.Bg2 e5 5.O-O Nf6 6.d3 a5 7.e3 Be7 8.exd4 exd4
9.Na3 Nd7 10.Nb5 Nc5 11.Re1 Bg4 12.Bg5 Ne6 13.Bxe7 Nxe7 14.Qd2 Bxf3 15.Bxf3 c6
16.Na3 O-O 17.Nc2 Nc8 18.Bg4 Nc5 19.Re5 Qd6 20.Rae1 Nb6 21.a3 Nb3 22.Qd1 Nd7
23.Bxd7 Qxd7 24.Re7 Qd6 25.Qg4 Rad8 26.Qf5 g6 27.Qe5 Qxe5 28.R1xe5 f6 29.Re4  1/2-1/2

[Event "FSGM April"]
[Site "Budapest HUN"]
[Date "2003.04.17"]
[Round "13"]
[White "Kraai,J"]
[Black "Blauert,J"]
[Result "1/2-1/2"]
[WhiteElo "2454"]
[BlackElo "2364"]

1.Nf3 d5 2.c4 e6 3.cxd5 exd5 4.g3 Nf6 5.Bg2 c5 6.d4 Nc6 7.Nc3 Be7 8.O-O O-O
9.Bg5 c4 10.Ne5 Be6 11.Nxc6 bxc6 12.b3 Qa5 13.Na4 Rac8 14.Qd2 Qxd2 15.Bxd2 Ne4
16.Bf4 g5 17.Be3 cxb3 18.axb3 Rb8 19.Rfc1 Rxb3 20.Rxc6 Rfb8 21.Bxe4 dxe4
22.Nc5 Rb1+ 23.Rxb1 Rxb1+ 24.Kg2 Bxc5 25.Rxc5 h6 26.h4 Bg4 27.hxg5 Bxe2 28.g4 hxg5
29.Rxg5+ Kf8 30.Kg3 Rb5 31.Rxb5 Bxb5 32.Kf4 Bd3 33.d5 a6  1/2-1/2

[Event "IM"]
[Site "Evry FRA"]
[Date "2003.04.18"]
[Round "9"]
[White "Lazarev,V"]
[Black "Amigues,E"]
[Result "1-0"]
[WhiteElo "2517"]
[BlackElo "2275"]

1.Nf3 d5 2.c4 c6 3.e3 Nf6 4.Qc2 Bg4 5.Ne5 Be6 6.b3 g6 7.Bb2 Bg7 8.Be2 O-O
9.O-O Nbd7 10.Nf3 Re8 11.Nd4 Nf8 12.Nxe6 Nxe6 13.d4 Rc8 14.b4 Ng5 15.Nd2 Qd6
16.c5 Qe6 17.a4 h5 18.Bd3 h4 19.Rae1 h3 20.g3 Ng4 21.f4 Nxe3 22.Qc1 Nxf1
23.Rxe6 Nxd2 24.fxg5 Nf3+ 25.Kf2 fxe6 26.Qe3 e5 27.dxe5 Rf8 28.Be2 Ne1+ 29.Kg1 Ng2
30.Qd3 Rf5 31.Bg4 Rcf8 32.Bxf5 Rxf5 33.g4 Ne1 34.Qxh3 Rf3 35.Qh4 Nd3 36.Bd4 Rf4
37.Bc3 d4 38.Qg3 Nc1 39.Qe1 dxc3 40.Qxc1 Bxe5 41.Kg2 Rxb4 42.Kf3 Rd4 43.Ke3 Rc4
44.Qc2 Kg7 45.h4 Rxg4 46.Qb3 Kh7 47.Qe6 c2 48.Qxe7+ Bg7 49.Kd2 Rxh4 50.Qxb7 Rc4
51.Kc1 Rxc5 52.Qxa7 Rxg5 53.Kxc2 c5 54.a5 c4 55.a6 Rg2+ 56.Kd1 Ra2 57.Qb7 Ra1+
58.Ke2 Ra2+ 59.Ke3 Ra3+ 60.Ke4 Rb3 61.Qc8 c3 62.a7 Rb4+ 63.Kd3 Rd4+ 64.Ke2 Rd2+
65.Ke1 Ra2 66.a8=Q Rxa8 67.Qxa8 Kh6 68.Ke2 Kg5 69.Kf3 Bf6 70.Qd5+ Kh6 71.Kg4 Kg7
72.Qc6 Kf7 73.Qd7+ Kg8 74.Kf4 Kf8 75.Ke4 Kg8 76.Kd5 Bg7 77.Ke6 Kh7 78.Kf7 c2
79.Qc8  1-0

[Event "TS"]
[Site "Belgrade YUG"]
[Date "2003.04.19"]
[Round "1"]
[White "Todorovic,V"]
[Black "Simic,R"]
[Result "1/2-1/2"]
[WhiteElo "2153"]
[BlackElo "2414"]

1.Nf3 d5 2.c4 c6 3.e3 Nf6 4.Nc3 a6 5.Qc2 g6 6.d4 Bg7 7.Be2 O-O 8.O-O b5 9.cxd5 cxd5
10.a3 Bf5  1/2-1/2

[Event "Foxwoods Open"]
[Site "Connecticut USA"]
[Date "2003.04.19"]
[Round "4"]
[White "Rohde,M"]
[Black "Benen,S"]
[Result "1-0"]
[WhiteElo "2504"]
[BlackElo "2251"]

1.Nf3 d5 2.c4 e6 3.d4 c6 4.Qc2 Nf6 5.g3 dxc4 6.Qxc4 b5 7.Qc2 Bb7 8.Bg2 Nbd7
9.a4 a6 10.O-O c5 11.Bg5 Rc8 12.axb5 axb5 13.Qb3 Qb6 14.Na3 Bc6 15.Bxf6 Nxf6
16.Ne5 Bxg2 17.Kxg2 Rb8 18.Qxb5+ Qxb5 19.Nxb5 Rxb5 20.Ra8+ Ke7 21.Rfa1 Rb7
22.dxc5 Ne8 23.Rd1 Nc7 24.c6 Rxb2 25.Rd7+ Kf6 26.f4 Rxe2+ 27.Kf3 Nxa8 28.Rxf7+  1-0

[Event "11th Open"]
[Site "Tarbes FRA"]
[Date "2003.04.20"]
[Round "4"]
[White "Lazarev,V"]
[Black "Dufeal,J"]
[Result "1-0"]
[WhiteElo "2517"]
[BlackElo "2141"]

1.Nf3 d5 2.c4 d4 3.g3 e6 4.Bg2 Nf6 5.O-O Be7 6.b4 O-O 7.Bb2 a5 8.Nxd4 axb4
9.d3 Ne8 10.Nc2 c5 11.a3 bxa3 12.Nbxa3 Na6 13.Nb5 Nec7 14.Nc3 Bf6 15.Qd2 Rb8
16.Rfb1 Bd7 17.Na4 Bxb2 18.Rxb2 Qe8 19.Qa5 Bxa4 20.Qxa4 Qxa4 21.Rxa4 g6 22.Rxb7 Kg7
23.Na1 Kf6 24.Nb3 Rxb7 25.Bxb7 Rb8 26.Na5 Nb4 27.d4 Rd8 28.e3 Nc2 29.Be4 Nxd4
30.exd4 Rxd4 31.Bf3 e5 32.Kf1 e4 33.Be2 Ne6 34.Nb3 Rd7 35.Ra5 Rc7 36.Bg4 Nd4
37.Rxc5 Rxc5 38.Nxc5 Ke5 39.Nd7+ Kd6 40.c5+ Kc7 41.Nf6 h5 42.Bd7 Nc2 43.Ke2 Nd4+
44.Ke3 Nb3 45.c6 Nc5 46.Kd4 Nb3+ 47.Kxe4 Kd6 48.Kf4 Nc1 49.Ne4+ Ke7 50.Ke5 f5
51.Nc5  1-0

[Event "Commonwealth Ch"]
[Site "Mumbai IND"]
[Date "2003.04.21"]
[Round "2"]
[White "Sahu,S"]
[Black "Saheli,N"]
[Result "1-0"]
[WhiteElo "2268"]
[BlackElo "2078"]

1.Nf3 d5 2.c4 d4 3.e3 c5 4.b4 dxe3 5.fxe3 cxb4 6.d4 Nf6 7.Bd3 Bg4 8.O-O e6
9.Nbd2 Be7 10.Qe1 Nc6 11.Bb2 O-O 12.Qh4 h6 13.Ne1 h5 14.Qf2 Nh7 15.Nb3 h4
16.h3 Bh5 17.Nd2 a5 18.Ndf3 Ng5 19.Nxg5 Bxg5 20.Nf3 Be7 21.Be4 f5 22.Bc2 a4
23.d5 a3 24.Bxg7 Kxg7 25.dxc6 bxc6 26.Nd4 Qc8 27.Bd1 Bxd1 28.Raxd1 c5 29.Nf3 Rh8
30.e4 f4 31.Ne5 Bg5 32.Rd7+ Kf6 33.Ng4+ Kg6 34.Qc2 Rf8 35.Rfd1 Qe8 36.e5+ Rf5
37.Qd3 Rc8 38.Nh2 Kh6 39.Rd6 Rc7 40.Qxf5  1-0

[Event "Commonwealth Ch"]
[Site "Mumbai IND"]
[Date "2003.04.21"]
[Round "3"]
[White "Srinivasan,R"]
[Black "Neelotpal,D"]
[Result "0-1"]
[WhiteElo "2098"]
[BlackElo "2468"]

1.Nf3 d5 2.c4 d4 3.g3 g6 4.d3 Bg7 5.b4 a5 6.b5 e5 7.Nbd2 Ne7 8.Bg2 O-O 9.a4 c5
10.bxc6 Nexc6 11.Ba3 Nb4 12.O-O N8a6 13.Ne1 Ra7 14.Nc2 Re8 15.Nb3 Bd7 16.Bxb4 axb4
17.Qd2 Qe7 18.Rfc1 Bf8 19.c5 Nxc5 20.Ncxd4 Nxa4 21.Nf3 Be6 22.Qe3 b6 23.Nfd2 Nc3
24.Rxa7 Qxa7 25.Ra1 Qc7 26.h4 Bc5 27.Nxc5 Qxc5 28.Qh6 b3 29.Kh2 b2 30.Rf1 Qf8
31.Qe3 Qb4 32.h5 b1=Q 33.Rxb1 Nxb1 34.Ne4 Qe7 35.Qc1 Na3 36.h6 Bd5  0-1

[Event "Commonwealth Ch"]
[Site "Mumbai IND"]
[Date "2003.04.21"]
[Round "3"]
[White "Rahman,Zia"]
[Black "Arvind,C"]
[Result "1-0"]
[WhiteElo "2543"]
[BlackElo "2257"]

1.Nf3 d5 2.c4 c6 3.e3 Nf6 4.Nc3 g6 5.Be2 Bg7 6.O-O O-O 7.d4 a6 8.Qb3 dxc4
9.Bxc4 b5 10.Be2 c5 11.dxc5 Be6 12.Qc2 Nc6 13.a3 b4 14.axb4 Nxb4 15.Qa4 a5
16.Nd4 Qc8 17.Bf3 Bd7 18.c6 Bg4 19.Qb5 Bxf3 20.gxf3 Qc7 21.Qb7 Rfc8 22.Ncb5 Qd8
23.Bd2 Rab8 24.Qxb8 Rxb8 25.c7 Qc8 26.cxb8=Q Qxb8 27.Rxa5 Nbd5 28.Rfa1 Qe5
29.Nc3 Qg5+ 30.Kf1 Qh5 31.Ra8+ Bf8 32.Rd8 Nxc3 33.Bxc3  1-0

[Event "TS"]
[Site "Belgrade YUG"]
[Date "2003.04.25"]
[Round "7"]
[White "Todorovic,V"]
[Black "Matovic,P"]
[Result "0-1"]
[WhiteElo "2153"]
[BlackElo "2321"]

1.Nf3 d5 2.c4 c6 3.e3 Bf5 4.cxd5 Bxb1 5.Rxb1 Qxd5 6.b3 Nf6 7.Bc4 Qh5 8.O-O e6
9.b4 Nbd7 10.b5 c5 11.d4 Bd6 12.Qb3 Ke7 13.Ba3 b6 14.Rfd1 Rhd8 15.Rbc1 g5
16.dxc5 Nxc5 17.Qc2 g4 18.Rxd6 Rxd6 19.Nd4 Kf8 20.Be2 Rc8 21.Nc6 Rc7 22.Qb2 Qg5
23.Bb4 Rcd7 24.Ne5 Rc7 25.Nc6 Kg8 26.Qa3 Nfe4 27.Nxa7 Qf6 28.f3 gxf3 29.Bxf3  0-1

[Event "Commonwealth Ch"]
[Site "Mumbai IND"]
[Date "2003.04.27"]
[Round "10"]
[White "Ghaem Maghami,E"]
[Black "Shetty,R"]
[Result "1/2-1/2"]
[WhiteElo "2528"]
[BlackElo "2387"]

1.Nf3 d5 2.c4 c6 3.d4 Nf6 4.Nc3 a6 5.cxd5 cxd5 6.Bf4 Nc6 7.e3 Bg4 8.Bd3 e6
9.h3 Bh5 10.g4 Bg6 11.Ne5 Nxe5 12.Bxe5 Bd6 13.Bxd6 Qxd6 14.Qa4+ Ke7 15.Bxg6 hxg6
16.g5 Nd7 17.e4 b5 18.Qb3 dxe4 19.O-O-O b4 20.Nxe4 Qc6+ 21.Qc2 Rac8 22.Qxc6 Rxc6+
23.Kd2 Rh4 24.f3 Nb6 25.Rc1 Rxc1 26.Rxc1 Nd5 27.Rc6 Rxh3 28.Rxa6 Rxf3 29.Ra7+ Kd8
30.Ra8+ Kd7 31.Rg8 Rh3 32.Rxg7 Rh2+ 33.Kd3 Ke7 34.Rg8 Rxb2 35.Ra8 Kd7 36.Ra6 Kc7
37.Nc5 Rf2 38.Kc4 Rc2+ 39.Kb5 Rxa2 40.Rxa2 Nc3+ 41.Kxb4 Nxa2+ 42.Kc4 Nc1
43.d5 Ne2  1/2-1/2

[Event "I Regina Prol"]
[Site "Santos BRA"]
[Date "2003.04.27"]
[Round "8"]
[White "Marques,V"]
[Black "Stamenkovic,Dr"]
[Result "1/2-1/2"]
[WhiteElo "2353"]
[BlackElo "2309"]

1.Nf3 d5 2.c4 c6 3.e3 Nf6 4.Nc3 e6 5.Qc2 Nbd7 6.b3 Bd6 7.Bb2 O-O 8.Be2 Qe7
9.d4 dxc4 10.Bxc4 e5 11.O-O-O Ba3 12.Rhe1 a5 13.Bxa3  1/2-1/2

[Event "8th Cvitanovic Mem"]
[Site "Spilt CRO"]
[Date "2003.04.28"]
[Round "1"]
[White "Saric,A"]
[Black "Dumpor,A"]
[Result "1-0"]
[WhiteElo "2365"]
[BlackElo "2394"]

1.Nf3 d5 2.c4 c6 3.d4 Nf6 4.e3 e6 5.Nbd2 Be7 6.Bd3 O-O 7.b3 Nbd7 8.O-O c5
9.Bb2 b6 10.e4 dxe4 11.Nxe4 Bb7 12.Qe2 Nxe4 13.Bxe4 Bxe4 14.Qxe4 Nf6 15.Qe2 cxd4
16.Nxd4 Qc7 17.Qf3 Rac8 18.Nb5 Qb8 19.Rfe1 Rc5 20.Nd4 Qa8 21.Qxa8 Rxa8 22.Ba3 Rc7
23.Nb5 Rd7 24.Bxe7 Rxe7 25.Rad1 a6 26.Nc3 Rd7 27.Rxd7 Nxd7 28.Rd1 Ra7 29.Rd6 Kf8
30.Rc6 Ke7 31.Kf1 Rb7 32.Na4 b5 33.Nb2 Rb6 34.Rc7 Kd8 35.Ra7 Rd6 36.Ke2 Kc8
37.cxb5 axb5 38.Nd1 Kb8 39.Ra5 Rb6 40.Nc3 b4 41.Na4 Rb7 42.Kd3 Kc7 43.f4 Kd6
44.Nb2 Nf6 45.Nc4+ Ke7 46.Ne3 g6 47.Kc4 Ne4 48.Re5 Nd6+ 49.Kd3 f6 50.Ra5 h5
51.Nc2 Nf5 52.Ke2 Kd6 53.Ra6+ Kd5 54.Kd3 h4 55.Ra8 Kc5 56.Rc8+ Kb5 57.Rc4 Ka5
58.Rc6 Rd7+ 59.Ke2 Nd6 60.Nd4 Ne4 61.Ke3 Nc3 62.Nxe6 Nxa2 63.Nc7 Rxc7 64.Rxc7 Nc3
65.Kd3 Kb5 66.Rh7 Nd5 67.Rxh4 Kc5 68.g3  1-0

[Event "8th Cvitanovic Mem"]
[Site "Spilt CRO"]
[Date "2003.04.29"]
[Round "2"]
[White "Horvath,Cs"]
[Black "Bukal,V jr"]
[Result "1-0"]
[WhiteElo "2510"]
[BlackElo "2396"]

1.Nf3 d5 2.c4 c6 3.d4 Nf6 4.Nc3 a6 5.Qb3 dxc4 6.Qxc4 b5 7.Qd3 e6 8.e4 b4
9.Na4 Qa5 10.b3 Be7 11.Be2 Nbd7 12.O-O c5 13.Ne5 Bb7 14.Qg3 Bxe4 15.Nc4 Qd8
16.Bf4 O-O 17.Bc7 Qc8 18.Nab6 Nxb6 19.Nxb6 Qb7 20.Nxa8 Rxa8 21.dxc5 Bxc5
22.Be5 Be7 23.Rac1 Rc8 24.Rxc8+ Qxc8 25.Qe3 Bb7 26.Rc1 Qa8 27.Qg3 g6 28.Bf3 Bxf3
29.Qxf3 Nd5 30.Rc4 Bf8 31.h4 h5 32.Rd4 Qc8 33.Rxd5 exd5 34.Qf6  1-0

[Event "FSIMB May"]
[Site "Budapest HUN"]
[Date "2003.05.03"]
[Round "1"]
[White "Farago,S"]
[Black "Kaposztas,M"]
[Result "1/2-1/2"]
[WhiteElo "2342"]
[BlackElo "2268"]

1.Nf3 d5 2.c4 c6 3.cxd5 cxd5 4.d4 Nf6 5.Nc3 Bf5 6.Bf4 Nc6 7.e3 e6 8.Bd3 Bxd3
9.Qxd3 Bd6 10.Bxd6 Qxd6 11.O-O O-O 12.Rfc1 Rfc8 13.a3 h6  1/2-1/2

[Event "FSGM May"]
[Site "Budapest HUN"]
[Date "2003.05.05"]
[Round "3"]
[White "Kraai,J"]
[Black "Szeberenyi,A"]
[Result "1/2-1/2"]
[WhiteElo "2454"]
[BlackElo "2401"]

1.Nf3 d5 2.c4 dxc4 3.e3 Be6 4.Na3 Nf6 5.Nxc4 Bd5 6.Be2 e6 7.O-O Be7 8.d3 O-O
9.b3 b6 10.Bb2 Nbd7 11.Rc1 c5 12.Rc2 Qb8 13.Qa1 Qb7 14.Rfc1 Rfd8 15.e4 Bc6
16.a4 Rac8 17.h3  1/2-1/2

[Event "TCh-ESP"]
[Site "Lanzarote ESP"]
[Date "2003.05.07"]
[Round "2"]
[White "Damljanovic,B"]
[Black "Granados Gomez,M"]
[Result "1-0"]
[WhiteElo "2587"]
[BlackElo "2417"]

1.Nf3 d5 2.c4 c6 3.d4 Nf6 4.Nc3 dxc4 5.a4 Bf5 6.e3 e6 7.Bxc4 Bb4 8.O-O O-O
9.Qe2 Ne4 10.Bd3 Bxc3 11.bxc3 Nxc3 12.Qc2 Bxd3 13.Qxd3 Nd5 14.Rb1 Nd7 15.Ba3 Re8
16.Rxb7 N5b6 17.a5 Qc8 18.a6 c5 19.Ng5 f5 20.dxc5 Nxc5 21.Bxc5 Qxc5 22.e4 h6
23.Nf7 Re7 24.Qd6 Qxd6 25.Nxd6 Kf8 26.e5 Nd7 27.Rc1 Nxe5 28.Nc8 Re8 29.Nxa7 Red8
30.f4 Rd7 31.Rxd7 Nxd7 32.Rc8+ Rxc8 33.Nxc8  1-0

[Event "FSGM May"]
[Site "Budapest HUN"]
[Date "2003.05.09"]
[Round "7"]
[White "Kraai,J"]
[Black "Burnett,R"]
[Result "1/2-1/2"]
[WhiteElo "2454"]
[BlackElo "2442"]

1.Nf3 d5 2.c4 d4 3.g3 Nc6 4.Bg2 e5 5.O-O Nf6 6.d3 a5 7.e3 Be7 8.exd4 exd4
9.Na3 Nd7 10.Nb5 Nc5 11.Re1 O-O 12.Bf4 Ne6 13.Rxe6 fxe6 14.Bxc7 Qd7 15.Qe2 Bf6
16.Re1 Na7 17.Bd6 Nxb5 18.Bxf8 Kxf8 19.cxb5 Qxb5 20.g4 g6 21.Nd2 Qxb2 22.Qf3 Kg7
23.Ne4 Be7 24.Qf4 Bd7 25.Qc7 Qb5 26.Nd6 Bxd6 27.Qxd6 Kg8 28.Qxd4 Qb4 29.Qxb4 axb4
30.Re2 b3 31.axb3 Ra1+ 32.Bf1 Bb5 33.Rd2 Rb1 34.f4 Rxb3 35.Kf2 Kf7 36.Bg2 b6
37.Ke3 Ke7 38.Be4 Ra3 39.Rb2 Ra5 40.g5 Kd6 41.h4 Kc7 42.h5 Be8 43.Rc2+ Rc5
44.Rh2 b5 45.Kd4 Kd6 46.Ra2 Rc7 47.Ra6+ Ke7 48.h6 Rc1 49.Rb6 Rc2 50.Bb7 Bd7
51.Bf3 Rc1 52.Be4 Rc2 53.Ke3 Rc1 54.Bf3 Rc2 55.Be2 Ra2 56.d4 Ra3+ 57.Ke4 Rc3
58.d5 exd5+ 59.Kxd5 Re3 60.Bxb5 Rb3 61.Bxd7 Rxb6 62.Bg4  1/2-1/2

[Event "National I"]
[Site "Clermont-Ferrand FRA"]
[Date "2003.05.11"]
[Round "11"]
[White "Salaun,Y"]
[Black "Netzer,J"]
[Result "1/2-1/2"]
[WhiteElo "2386"]
[BlackElo "2223"]

1.Nf3 d5 2.c4 d4 3.a3 g6 4.e3 Nc6 5.exd4 Nxd4 6.Nxd4 Qxd4 7.Nc3 Bg7 8.d3 Qd8
9.Be2 e5 10.O-O Ne7 11.f4 O-O 12.fxe5 Bxe5 13.Kh1 Nf5 14.Bf4 Re8 15.Qd2 Nd4
16.Rae1 Bf5 17.Bd1 Qd6 18.Bxe5 Rxe5 19.Rxe5 Qxe5 20.Re1 Qd6 21.Nd5 c6 22.Qc3 cxd5
23.Qxd4 Rd8 24.Kg1 dxc4 25.Re8+ Rxe8 26.Qxd6 Re1+ 27.Kf2 Rxd1 28.Qb8+ Kg7
29.dxc4 Rd2+ 30.Kf3 Rd3+ 31.Ke2 Rd7 32.c5 a6 33.b4 h5 34.g3 Kh7 35.Qf8 Be6
36.Ke3 Bc4 37.Ke4 Rd2  1/2-1/2

[Event "TCh-RUS"]
[Site "Togliatti RUS"]
[Date "2003.05.18"]
[Round "3"]
[White "Isajevsky,A"]
[Black "Pimonenko,B"]
[Result "1-0"]
[WhiteElo "2385"]
[BlackElo "2356"]

1.Nf3 d5 2.c4 d4 3.g3 c5 4.b4 cxb4 5.a3 bxa3 6.Bxa3 Nc6 7.d3 g6 8.Bg2 Bg7
9.O-O Nf6 10.Nbd2 O-O 11.Ng5 Qc7 12.Qc2 h6 13.Nge4 Nd7 14.Rfb1 f5 15.Nc5 Nxc5
16.Bxc5 Re8 17.Qb2 e5 18.Qb5 a6 19.Qb6 Qd7 20.Nb3 Kh7 21.Ba3 e4 22.Nc5 Qf7
23.Qb3 Bf8 24.Qc2 Bxc5 25.Bxc5 Qe6 26.Rd1 Qe5 27.Bb6 Re6 28.Qb2 Bd7 29.dxe4 fxe4
30.e3 d3 31.Bd4 Nxd4 32.exd4 Qc7 33.d5 Ree8 34.Qd4 Bf5 35.h3 h5 36.c5 e3
37.d6 exf2+ 38.Qxf2 Qd7 39.g4 hxg4 40.hxg4 Bxg4 41.Rxd3 Re2 42.Qh4+ Kg7 43.Rf1 Rae8
44.Qf6+ Kh6 45.Rg3 Re1 46.Qf4+ Kh5 47.Rxe1 Rxe1+ 48.Kf2  1-0

[Event "ch-RUS w"]
[Site "Elista RUS"]
[Date "2003.05.20"]
[Round "3"]
[White "Chistiakova,T"]
[Black "Ovod,E"]
[Result "1/2-1/2"]
[WhiteElo "2341"]
[BlackElo "2296"]

1.Nf3 d5 2.c4 e6 3.g3 Nf6 4.b3 Nbd7 5.Bb2 b6 6.Bg2 Bb7 7.O-O Bd6 8.Nc3 a6
9.d3 Qe7 10.e4 dxe4 11.Nxe4 Nxe4 12.dxe4 e5 13.Qe2 f6 14.Ne1 a5 15.Nc2 O-O
16.Ne3 g6 17.Nd5 Bxd5 18.exd5 Rae8 19.Rae1 Bb4 20.Rd1 e4 21.f3 exf3 22.Qxe7 Rxe7
23.Bxf3 Ne5 24.Be2 f5 25.Bc1 Bc5+ 26.Kg2 Nf7 27.Bf3 Rfe8 28.Bd2 h6 29.Rde1 Ng5
30.Rxe7 Rxe7 31.Re1 Kf8 32.Rxe7 Kxe7 33.g4 Bd6 34.gxf5 gxf5 35.h4 Nxf3 36.Kxf3 h5
37.Bf4 Kf6 38.Bd2 Kg6 39.Bg5 Kf7 40.Bd8 Ke8 41.Bf6 Kf7 42.Bd4 Kg6 43.c5 bxc5
44.Bc3 f4 45.Ke4 f3 46.Kxf3 Kf5 47.a4 Be7 48.Bxa5 Ke5 49.Bxc7+ Kxd5 50.Bg3 c4
51.bxc4+ Kxc4 52.Ke4  1/2-1/2

[Event "22nd Mitropa Cup"]
[Site "Pula CRO"]
[Date "2003.05.20"]
[Round "4"]
[White "Cornette,M"]
[Black "Erdos,V"]
[Result "0-1"]
[WhiteElo "2325"]
[BlackElo "2425"]

1.Nf3 d5 2.c4 c6 3.e3 Nf6 4.Qc2 a6 5.h3 Nbd7 6.d4 e6 7.Nc3 dxc4 8.Bxc4 b5
9.Be2 c5 10.O-O Bb7 11.Rd1 Rc8 12.dxc5 Bxc5 13.a3 Qc7 14.Bd2 O-O 15.Rac1 Rfd8
16.Qb1 Qb8 17.b4 Be7 18.Nd4 Qa8 19.f3 Nb6 20.Nb3 Nfd5 21.Ne4 Na4 22.Rxc8 Rxc8
23.Rc1 Rd8 24.Rc2 Ndb6 25.Nec5 Nxc5 26.Nxc5 Bd5 27.e4 Bc4 28.Be3 Bxe2 29.Rxe2 Nc4
30.Qb3 Qc6 31.Bf2 a5 32.Qc3 a4 33.Rc2 Bf6 34.Qe1 Nxa3 35.Rd2 Rxd2 36.Qxd2 Nc4
37.Qd3 h6 38.f4 Be7 39.Bd4 e5 40.fxe5 Bxc5 41.Bxc5 Nxe5 42.Qd8+ Kh7 43.Qd4 Qf6
44.Qc3 Nc4 45.Bd4 Qg6 46.Qd3 Qe6 47.Bc3 a3 48.Kh1 Qa6 49.Qg3 Qg6 50.Qd3 a2
51.Qc2 Qa6 52.e5+ Kg8 53.Qd1 Qa8 54.e6 fxe6 55.Qe1 e5 56.Qa1 Ne3 57.Qg1 Qe4
58.Qf2 Qb1+ 59.Kh2  0-1

[Event "TCh-RUS"]
[Site "Togliatti RUS"]
[Date "2003.05.21"]
[Round "6"]
[White "Vekshenkov,N"]
[Black "Torbin,K"]
[Result "1/2-1/2"]
[WhiteElo "2417"]
[BlackElo "2427"]

1.Nf3 d5 2.c4 dxc4 3.e3 Nf6 4.Bxc4 e6 5.d4 a6 6.O-O c5 7.dxc5 Qc7 8.Qe2 Bxc5
9.e4 Ng4 10.Nc3 Nc6 11.g3 b5 12.Bb3 O-O 13.Bf4 e5 14.Nd5 Qd6 15.Bd2 a5 16.Rad1 a4
17.Bc2 Rb8 18.h3 Qg6 19.Kg2 Nh6 20.Bd3 Qe6 21.Rh1 f5 22.Rc1 Nd4 23.Nxd4 Bxd4
24.Rc6 fxe4 25.Bxe4 Qd7 26.Bxh6 Rxf2+ 27.Qxf2 Bxf2 28.Rc7 Qxc7 29.Nxc7 Bb6  1/2-1/2

[Event "ch-RUS w"]
[Site "Elista RUS"]
[Date "2003.05.25"]
[Round "8"]
[White "Strutinskaya,G"]
[Black "Grabuzova,T"]
[Result "0-1"]
[WhiteElo "2306"]
[BlackElo "2375"]

1.Nf3 d5 2.c4 e6 3.b3 c5 4.e3 Nc6 5.Bb2 Nf6 6.cxd5 exd5 7.d3 Bd6 8.Be2 O-O
9.Nbd2 b6 10.Rc1 Bb7 11.Qc2 a5 12.O-O a4 13.d4 Nb4 14.Qb1 axb3 15.axb3 Bc8
16.dxc5 bxc5 17.Be5 Bg4 18.Bd3 Bxf3 19.Nxf3 Bxe5 20.Nxe5 Qe7 21.Nf3 Ra2 22.Rcd1 Rfa8
23.Rd2 Rxd2 24.Nxd2 Ra2 25.Rd1 Qe5 26.Bb5 g6 27.h3 Qc3 28.Nf3 Ne4 29.Rf1 Nxf2
30.Qe1 Ne4 31.Be8 Qb2 32.Nh4 f5 33.Qd1 Qe2 34.Qe1 Kf8 35.Bd7 Ke7 36.Bc8 Qxe1
37.Rxe1 Nd6 38.Rc1 Ra5  0-1

[Event "12th Chicago Open"]
[Site "Oak Brook USA"]
[Date "2003.05.25"]
[Round "4"]
[White "Wheeler,Je"]
[Black "Strugatsky,V"]
[Result "1/2-1/2"]
[WhiteElo "2199"]
[BlackElo "2427"]

1.Nf3 d5 2.c4 d4 3.g3 Nc6 4.Bg2 e5 5.d3 Bb4+ 6.Nbd2 a5 7.O-O Nf6 8.a3 Be7
9.Rb1 a4 10.b4 axb3 11.Qxb3 O-O 12.a4 Nd7 13.Ba3 Bxa3 14.Qxa3 Nb6 15.Rb5 Rxa4
16.Qb3 Ra6 17.Ne4 Nd7 18.Nc5 Nxc5 19.Rxc5 Qe7 20.Rb5 f6 21.Nd2 Nd8 22.Qb2 Bd7
23.Rb3 b6 24.Ra1 Rxa1+ 25.Qxa1 Bc6 26.Nf3 Ne6 27.Ra3 Nc5 28.Ra7 Qd7 29.Qa2 g6
30.Nd2 Bxg2 31.Kxg2 Kg7 32.Nb3 Qc6+ 33.f3 Nxb3 34.Qxb3 Ra8 35.Qb5 Qxb5 36.Rxc7+ Kh6
37.cxb5 Ra5 38.Rc6 Rxb5 39.Rxf6 Kg5 40.Rf7 Rb2 41.h4+ Kh6 42.g4 g5 43.hxg5+ Kg6
44.Rf6+ Kg7 45.Kf2 Rb5 46.Rd6 Kf7 47.f4 exf4 48.Kf3 Rb1 49.Kxf4 b5 50.Rxd4 b4
51.Rd7+ Kg6 52.Rd6+ Kf7 53.Rb6 b3 54.Ke5 b2 55.e4 Rd1 56.Rxb2 Rxd3 57.Rb7+ Kg6
58.Kf4 Ra3  1/2-1/2

[Event "CRO-Cup"]
[Site "Rabac CRO"]
[Date "2003.05.27"]
[Round "2"]
[White "Rukavina,J"]
[Black "Ascic,A"]
[Result "1-0"]
[WhiteElo "2385"]
[BlackElo "2233"]

1.Nf3 d5 2.c4 e6 3.g3 g6 4.Bg2 Bg7 5.d4 Ne7 6.O-O O-O 7.Qc2 Nbc6 8.Rd1 Nf5
9.e3 Nd6 10.Nbd2 f5 11.b3 Ne4 12.Bb2 g5 13.Rac1 Bd7 14.a3 Rc8 15.b4 g4 16.Ne1 Ne7
17.Nd3 Ng6 18.cxd5 exd5 19.Qb3 Kh8 20.Qxd5 Ba4 21.Qxb7 Bxd1 22.Rxd1 Nd6 23.Qd5 Qe7
24.Nc5 Rfe8 25.Qb3 c6 26.Qc2 Qf7 27.Ndb3 Nc4 28.Bc1 Nb6 29.Na5 Ne7 30.Nd3 Qe6
31.Nf4 Qd7 32.e4 fxe4 33.Bxe4 Nbd5 34.Bxh7 Nxf4 35.Bxf4  1-0

[Event "ch-RUS w"]
[Site "Elista RUS"]
[Date "2003.05.28"]
[Round "9"]
[White "Chistiakova,T"]
[Black "Bystryakova,E"]
[Result "1-0"]
[WhiteElo "2341"]
[BlackElo "2197"]

1.Nf3 d5 2.c4 e6 3.b3 Nf6 4.g3 Bd6 5.Bg2 O-O 6.O-O b6 7.Nc3 Bb7 8.Bb2 Nbd7
9.Rc1 a6 10.e3 Qe7 11.Qe2 e5 12.Nh4 Qe6 13.cxd5 Nxd5 14.Nxd5 Bxd5 15.Bxd5 Qxd5
16.Nf5 Nf6 17.Rxc7 Ne4 18.Rd7 Qe6 19.Qg4 g5 20.Rxd6  1-0

[Event "4th IECC"]
[Site "Istanbul TUR"]
[Date "2003.05.31"]
[Round "2"]
[White "Krasenkow,M"]
[Black "San Segundo Carrillo,P"]
[Result "1-0"]
[WhiteElo "2609"]
[BlackElo "2515"]

1.Nf3 d5 2.c4 e6 3.d4 Nf6 4.Nc3 Be7 5.Qc2 c5 6.dxc5 Na6 7.g3 dxc4 8.Bg2 O-O
9.O-O Qa5 10.Ne4 Nxe4 11.Qxe4 Nxc5 12.Qxc4 Bd7 13.b4 Qa4 14.Bb2 a5 15.Bxg7 Kxg7
16.Qg4+ Kh8 17.Qd4+ Kg8 18.bxc5 Qxd4 19.Nxd4 Bxc5 20.Nb3 Bb4 21.Rfc1 Bb5
22.Bxb7 Rab8 23.Bf3 Rfc8 24.Nd4 Ba4 25.Bc6 Ba3 26.Rc4 Bb2 27.Rb1 Bxd4 28.Rxb8 Rxb8
29.Bxa4 Rb4 30.Rc8+ Kg7 31.Be8 Rb7 32.a4 Bb6 33.Bb5 Rc7 34.Rb8 Bc5 35.Kg2 Bd6
36.Ra8 Bb4 37.h4 h6 38.g4 Be1 39.Rd8 Kf6 40.Rg8 Bd2 41.e3 Be1 42.g5+ hxg5
43.h5 Ke5 44.Rxg5+ Kf6 45.Rg8 Rc5 46.Kf1 Bb4 47.Be2 Rg5 48.Rb8 Kg7 49.Rb7 Rc5
50.Bf3 Re5 51.Bg4 Rc5 52.Ke2 Rc4 53.f3  1-0

[Event "4th IECC"]
[Site "Istanbul TUR"]
[Date "2003.06.01"]
[Round "3"]
[White "Halkias,S"]
[Black "Gurevich,M"]
[Result "0-1"]
[WhiteElo "2542"]
[BlackElo "2635"]

1.Nf3 d5 2.c4 c6 3.d4 e6 4.Nc3 dxc4 5.e3 b5 6.a4 b4 7.Nb1 Ba6 8.Be2 c5 9.O-O Nf6
10.Nbd2 c3 11.bxc3 bxc3 12.Nb1 cxd4 13.exd4 Bb4 14.Bb5+ Bxb5 15.axb5 O-O
16.Qb3 a5 17.Nxc3 e5 18.Qc2 Bxc3 19.Qxc3 Nbd7 20.Ba3 Re8 21.Rfd1 Qb6 22.Rab1 Rac8
23.Bb2 h6 24.Qe1 Qb7  0-1